000 00570nam a2200169 i 4500
001 26836
003 ES-MaACL
005 20251004063053.0
007 t|
008 030110s1920 sp ||||1| spa d
100 1 _aArriaga, Emiliano de,
_d1844-1919
_923269
245 1 0 _aCompilación de varios artículos literarios del costumbrista bilbaíno Emiliano de Arriaga y juicios crítico-biográficos acerca de este autor.
260 _aBilbao :
_bArechalde,
_c1920.
300 _a270 p. :
_bil. ;
_c20 cm.
852 _aES-MaACL
_jF-3148
999 _c26836
_d26836